00990cam a2200229 4500008004100000020001500041035001200056245011200068260004300180300002700223440004700250504005100297650004100348651005300389650003900442651004800481651004300529700002400572942001300596999001700609952013400626080114n2002 enk 001 0 eng u a0333998715 aa46765410aMulticulturalism in Latin America :bindigenous rights, diversity and democracy /cedición Rachel Sieder. aNew York :bPalgrave Macmillan, c2002 axiii, 280 p. ;c23 cm. 0aInstitute of Latin American Studies series aIncluye referencias bibliográficas eíndice 4aMulticulturalismo zAmérica Latina 4aAmérica Latina xPolítica y gobierno y1980- 4aIndígenas xCondiciones sociales 4aAmérica Latina xCondiciones económicas 4aAmérica Latina xondiciones sociales1 aSieder, Rachel, ed. 2lcccLIB c67626d67626 102lcc4070aINV-033bINV-033cGENERALd2018-08-30f1a ed.iHkCSAoHM1271 M85 2002pIIH000025558r2018-08-30 00:00:00tC:1yLIB